书目信息 |
| 题名: |
全球物流与供应链管理案例
|
|
| 作者: | 戴维·泰勒 ;胡克 译 | |
| 分册: | ||
| 出版信息: | 北京 中信出版社 2003 |
|
| 页数: | 329 | |
| 开本: | 27cm | |
| 丛书名: | ||
| 单 册: | ||
| 中图分类: | F259.1 | |
| 科图分类: | ||
| 主题词: | 物资经济 | |
| 电子资源: | ||
| ISBN: | 7-5086-0020-7 | |
| 000 | 00608nam0 2200193 450 | |
| 001 | 0760515518 | |
| 005 | 20070817164835.51 | |
| 010 | @a7-5086-0020-7@d¥37.50 | |
| 100 | @a20070817d km y0chiy0120 ea | |
| 101 | 0 | @achi |
| 200 | 1 | @a全球物流与供应链管理案例@Aquan qiu wu liu yu gong ying lian guan li an li@f(英)戴维.泰勒@F(ying)dai wei.tai le@g胡克等译@Ghu ke deng yi |
| 210 | @a北京@c中信出版社@d2003 | |
| 215 | @a329@d27cm | |
| 606 | 0 | @a物资经济 |
| 690 | @aF259.1@v3 | |
| 701 | 0 | @a戴维·泰勒@Adai wei·tai le |
| 702 | 0 | @a胡克@Ahu ke@4译 |
| 801 | 0 | @aCN@bPFT@c20070817 |
| 905 | @a213230@dF259.1@eg33@f1 | |
| 全球物流与供应链管理案例/(英)戴维.泰勒/胡克等译.-北京:中信出版社,2003 |
| 329;27cm |
| ISBN 7-5086-0020-7:¥37.50 |
| ● |
| 相关链接 |
|
|
|
|
正题名:全球物流与供应链管理案例
索取号:F259.1/g33
 
预约/预借
| 序号 | 登录号 | 条形码 | 馆藏地/架位号 | 状态 | 备注 |
| 1 | 6501904 | 265019044 | 密集书库-海洋学院/ [索取号:F259.1/g33] | 在馆 |